000 00616cam a22001811 4500
082 _a624.1775
_bERI
_c1973
100 1 _aEriksen, Bjarne.
_943017
245 1 0 _aInfluence lines for thrust and bending moments in the fixed arch,
_cby B. Eriksen.
260 _aLondon,
_bConcrete Publications
_c[1939]
300 _a26, [1] p.
_b tables, diagrs.
_c24 cm.
490 0 _aConcrete series
500 _aReprinted from Concrete and constructional engineering.
526 _a0
_b0
_c0
_d624_177500000000000_ERI
650 0 _aArches.
_943018
650 0 _aMCE
_9379
650 0 _aReinforced concrete.
_940928
942 _2ddc
_cBK
999 _c546820
_d546820